LEADER 01328nam a2200301 a 4500 001 000000128286 003 CaOOAMICUS 005 20120403103827.0 008 120330s2011 enk u000 u eng r 020 $z9780199286485* 040 $aPUL$bita 082 04$a342.24 100 1 $aHofmann, Herwig.$0(OLS)http://pul/name/81968 245 10$aAdministrative law and policy of the European Union /$cHerwig C.H. Hofmann, Gerard C. Rowe, Alexander H. Türk. 260 $aOxford ;$aNew York :$bOxford University Press,$c©2011. 300 $alxxxv, 977 p. ;$c24 cm 504 $aBibliografia in nota. 650 4$aDiritto amministrativo$zEuropa.$0(OLS)http://pul/subject/22610 700 1 $aRowe, Gerard C.$0(OLS)http://pul/name/81969 700 1 $aTürk, Alexander.$0(OLS)http://pul/name/81970 850 $aPUL 852 $aPUL$W1$xSL Diritto e Scienze Sociali 3$y79$m342. 24 HOFHE 1$j148470$qDDC 21$B147067$CPULBib$Z2$F147067 $H119013 $82 941 1 $a9 996 $6020$z9780199286485*$9(OLS)http://pul/number/149379 996 $6082$a342.24$9(OLS)http://pul/classification/732 996 $6245$aAdministrative law and policy of the European Union$9(OLS)http://pul/title/162113 996 $6260$aOxford ;$aNew York :$bOxford University Press$9(OLS)http://pul/publisher/74678 LEADER 02173nam a2200409 u 4500 001 000000074444 003 CaOOAMICUS 005 20070226122449.0 008 021206s2991 it u000 u ita u 020 $a8846502051 035 $a10947703 040 $aPUL$bita$dPUL 245 00$aVeritą e libertą nella teologia morale /$cD. L. Schindler ... [et al.] ; a cura di Livio Melina e Juan Larrś. 260 $aRoma :$bPontificia Universitą Lateranense,$c2001. 300 $a306 p. ;$c24 cm 490 1 $aLezioni e dispense ;$v4 500 $aDalla pref. [p.5]: " ... Terzo Colloquio di Teologia Morale svoltosi a Roma, presso la Pontificia Universitą Lateranense nei giorni 24-25 novembre 2000". 504 $aBibliografia in nota. 650 4$aTeologia morale$xCongressi.$0(OLS)http://pul/subject/19785 700 1 $aSchindler, David L.$0(OLS)http://pul/name/49366 700 1 $aMelina, Livio,$csac.,$d1952-$0(OLS)http://pul/name/7558 700 1 $aLarru?, Juan,?,$csac.,$d1962-$0(OLS)http://pul/name/49367 710 2 $aPontificio Istituto Giovanni Paolo II per Studi su Matrimonio e Famiglia.$0(OLS)http://pul/name/78444 830 0$aLezioni e dispense ;$v4.$0(OLS)http://pul/title/47699 850 $aPUL 852 $aPUL$W1$xSL Religione 1$y3$m39 L 4$j96029$nBK-PRI$b $qStampati$B96029$CPULBib$Z2$F96029 $81 852 $aPUL$W1$xDP2 Religione 3$y114$m241 MELLI 4$j176023$ac. 2$qDDC 21$B122141$CPULBib$Z2$F122141 $H86721 $82 910 $aIstituto Giovanni Paolo II per studi su matrimonio e famiglia$978444 910 $aPontificio Istituto Teologico Giovanni Paolo II per le Scienze del Matrimonio e della Famiglia.$kTesi$978444 910 $aPontificio Istituto Teologico Giovanni Paolo II per le Scienze del Matrimonio e della Famiglia.$kTesi$978444 941 1 $a9 941 1 $a8 961 $aINV: 89512 961 $aPrecedente collocazione: Teo 237 996 $6020$a8846502051$9(OLS)http://pul/number/96561 996 $6245$aVeritą e libertą nella teologia morale$9(OLS)http://pul/title/97741 996 $6260$aRoma :$bPontificia Universitą Lateranense$9(OLS)http://pul/publisher/47963